| 000 | 00775nam a22001577a 4500 | ||
|---|---|---|---|
| 003 | OSt | ||
| 005 | 20151002160729.0 | ||
| 008 | 151002b xxu||||| |||| 00| 0 eng d | ||
| 040 | _cRUA | ||
| 082 | _aAGR CHE 2012 B050 Or.1 | ||
| 100 |
_91801 _aCHENG, DALIS |
||
| 245 | _aThe comparison of rice-parasitic nematodes number on paddy rice field between dry and rainy season in angkor chey district kom pot province, ការប្រៀបធៀបវត្តមាននេម៉ាតូតលើដំណាំស្រូវនៅរដូវប្រាំង និងរដូវវស្សាក្នុងស្រុកអង្គរជ័យខេត្តកំពត | ||
| 260 |
_aPhnom Penh _bRUA _c2012 |
||
| 300 |
_aix; 43p. _bill. _c29cm. |
||
| 942 |
_2ddc _cAGR |
||
| 999 |
_c1700 _d1700 |
||